5 Części zdania - Statystyki

Ogólne statystyki
  • Ten quiz został rozwiązany 109 razy
  • Średni wynik to 4 z 5
Statystyki odpowiedzi
Odp. na pytania Odpowiedź % Poprawnych
co robi? co się z nim dzieje? orzeczenie
96%
kto? co? podmiot
92%
jaki? który? czyj? ile? czego? z czego? przydawka
87%
jak? gdzie? kiedy? jak bardzo? mimo czego? po co? dlaczego? pod jakim warunkiem? okolicznik
79%
kogo? czego? komu? czemu? kogo? co? z kim? z czym? o kim? o czym? dopełnienie
76%
Nie znaleziono quizów pasujących do podanych kryteriów
Rozkład punktacji
Procent ludzi z każdym wynikiem
Percentyl według liczby udzielonych odpowiedzi
Twoja historia wyników
Nie rozwiązałeś tego quizu